Visualizzazione normale
Vista MARC
- Anonimo
di Personal Name
Records bibliografici associati: 1
001 - CONTROL NUMBER
- control field: 18376
003 - CONTROL NUMBER IDENTIFIER
- control field: IT-RoPau
005 - DATE AND TIME OF LATEST TRANSACTION
- control field: 20140403153006.0
008 - FIXED-LENGTH DATA ELEMENTS
- fixed length control field: 140403|| aca||aabn | a|a d
040 ## - CATALOGING SOURCE
- Original cataloging agency: IT-RoPau
- Transcribing agency: IT-RoPau
100 ## - HEADING--PERSONAL NAME
- Personal name: Anonimo
- Dates associated with a name: Codice autore musica SPICS: 2620
- Relator term: Autore musica
670 ## - SOURCE DATA FOUND
- Source citation: Work cat.: (IT-RoPau)100107: AA.VV. 794, Specimen di successi